[Event "Junior Online 4NCL Division 4"]
[Site "online"]
[Date "2021.04.01"]
[EventDate "2021.04.01"]
[Round "6.95"]
[White "Aggarwal, Jai"]
[WhiteElo "1407"]
[WhiteTeam "Uxbridge Juniors Chargers"]
[Black "Man, Felix"]
[BlackElo "1063"]
[BlackTeam "Muswell Hill Primary"]
[Result "0-1"]
[PlyCount "162"]

1. e4 e5 2. Nf3 Nc6 3. Bc4 Bc5 4. c3 Nf6 5. d3 h6 6. b4 Be7 7. Be3 d5 8. exd5 Nxd5 9. Qb3 Be6 10. Nbd2 Nxe3 11. Bxe6 fxe6 12. fxe3 Qxd3 13. Nf1 Qd6 14. Rd1 Na5 15. Qa4+ Qc6 16. Qxa5 Qxc3+ 17. N1d2 Bxb4 18. Qxe5 Qxe5 19. Nxe5 Rd8 20. Ng6 Rg8 21. Rf1 Rd3 22. Ke2 Rd6 23. Ne4 Ra6 24. Ra1 e5 25. Rfc1 Rxg6 26. g3 Rc6 27. Rxc6 bxc6 28. Rc1 Kd7 29. Nc5+ Bxc5 30. Rxc5 Kd6 31. Ra5 Ra8 32. e4 c5 33. Kd3 Rf8 34. Ke3 Ra8 35. Ra6+ c6 36. Kd3 Kc7 37. Kc4 Kb7 38. Ra5 Kb6 39. Rxc5 Re8 40. a4 Re7 41. h4 Re8 42. a5+ Kb7 43. a6+ Kb6 44. Kb4 Re6 45. Kc4 Kxa6 46. Kb4 Kb6 47. Rc4 Rd6 48. g4 Rd4 49. Rxd4 exd4 50. Kc4 a5 51. e5 Kc7 52. Kxd4 a4 53. Kc4 Kd7 54. Kb4 Ke6 55. Kxa4 Kxe5 56. Kb4 Kf4 57. Kc5 Kxg4 58. Kxc6 Kxh4 59. Kd5 Kh3 60. Ke4 g5 61. Kf3 g4+ 62. Kf2 Kh2 63. Kf1 g3 64. Ke1 g2 65. Kf2 g1=Q+ 66. Kf3 Qg3+ 67. Ke4 Qf2 68. Ke5 Qf3 69. Kd4 Qe2 70. Kd5 Qe3 71. Kc4 Qd2 72. Kc5 Qd3 73. Kc6 Qd4 74. Kc7 Qd5 75. Kc8 Qf7 76. Kd8 Kg3 77. Kc8 Kf4 78. Kd8 Ke5 79. Kc8 Kd6 80. Kb8 Kc6 81. Kc8 Qf8# 0-1

[Event "Junior Online 4NCL Division 4"]
[Site "online"]
[Date "2021.04.01"]
[EventDate "2021.04.01"]
[Round "6.96"]
[White "Shetty, Ahan"]
[WhiteElo "1010"]
[WhiteTeam "Muswell Hill Primary"]
[Black "Aurangabadkar, Anish R"]
[BlackElo "1055"]
[BlackTeam "Uxbridge Juniors Chargers"]
[Result "1-0"]
[PlyCount "125"]

1. d4 d5 2. c4 dxc4 3. Nf3 Nc6 4. e3 Nf6 5. Bxc4 e6 6. Nc3 Bb4 7. Bd2 O-O 8. a3 Bxc3 9. Bxc3 h6 10. O-O b6 11. Bd3 Bb7 12. Qc2 Qd6 13. Be2 Ng4 14. h3 Nf6 15. e4 Qf4 16. e5 Ne4 17. g3 Qf5 18. Bd3 Qxf3 19. Bxe4 Qh5 20. h4 Qg4 21. Bd2 Nxd4 22. Bh7+ Kh8 23. Qxc7 Ne2+ 24. Kh2 Kxh7 25. Qxb7 Qf5 26. Be3 Qxe5 27. Qf3 Rab8 28. Qxe2 Ra8 29. Qc2+ g6 30. Rfe1 Qh5 31. Qe2 Qxe2 32. Rxe2 Rad8 33. a4 Rb8 34. a5 Ra8 35. axb6 axb6 36. Rxa8 Rxa8 37. Bxb6 Rb8 38. Bd4 Rb4 39. Bc3 Rc4 40. Re1 Rc6 41. Rb1 Rc4 42. Be1 Re4 43. b4 Rc4 44. b5 Rc7 45. b6 Rb7 46. Ba5 f5 47. Rc1 Kg7 48. Rc7+ Rxc7 49. bxc7 Kf8 50. c8=Q+ Kf7 51. Qh8 g5 52. Qxh6 gxh4 53. Qxh4 f4 54. Qxf4+ Kg6 55. g4 e5 56. Qf5+ Kh6 57. Qf6+ Kh7 58. g5 e4 59. g6+ Kh6 60. g7+ Kh7 61. Qf7 Kh6 62. g8=Q e3 63. Qfh7# 1-0

[Event "Junior Online 4NCL Division 4"]
[Site "online"]
[Date "2021.04.01"]
[EventDate "2021.04.01"]
[Round "6.98"]
[White "Gibbins, Finlay"]
[WhiteElo "997"]
[WhiteTeam "Muswell Hill Primary"]
[Black "Karthisamy, Prathik"]
[BlackElo "850"]
[BlackTeam "Uxbridge Juniors Chargers"]
[Result "0-1"]
[PlyCount "38"]

1. e4 e5 2. Nf3 Nc6 3. Bc4 Be7 4. d3 Nf6 5. Ng5 O-O 6. Nc3 d6 7. Nb5 Bg4 8. f3 Bd7 9. c3 Na5 10. Qb3 Nxb3 11. Bxb3 Bxb5 12. Nxf7 Rxf7 13. Bxf7+ Kxf7 14. c4 Bc6 15. Bd2 Kg8 16. c5 dxc5 17. d4 Qxd4 18. Bc3 Qe3+ 19. Kf1 Bb5# 0-1

[Event "Junior Online 4NCL Division 4"]
[Site "online"]
[Date "2021.04.01"]
[EventDate "2021.04.01"]
[Round "6.101"]
[White "Nallaperumal, Kasi Veshagan"]
[WhiteElo "1390"]
[WhiteTeam "Maidenhead Juniors 2"]
[Black "Rowland, Benjamin"]
[BlackElo "1227"]
[BlackTeam "Barnet Knights E"]
[Result "0-1"]
[PlyCount "74"]

1. d4 Nf6 2. Bf4 d5 3. Nc3 c6 4. Nf3 Bf5 5. e3 e6 6. a3 Bd6 7. Ne5 Nbd7 8. Nxf7 Kxf7 9. Bxd6 Nb6 10. Bg3 Re8 11. Be2 Kg8 12. O-O Ne4 13. Be5 Nxc3 14. bxc3 Nd7 15. Rb1 Nxe5 16. dxe5 Qa5 17. Rb3 c5 18. Bg4 Bg6 19. Bxe6+ Rxe6 20. Qxd5 Bf7 21. Qxb7 Ree8 22. Rb5 Qxc3 23. Qc6 Rec8 24. Qd7 Bc4 25. Rb7 Qxe5 26. Rd1 Qf6 27. h3 Rd8 28. Qxd8+ Rxd8 29. Rxd8+ Qxd8 30. Rxa7 Qd1+ 31. Kh2 Qxc2 32. a4 Qxf2 33. e4 Qf4+ 34. Kg1 Qxe4 35. Kh2 Bd5 36. Rxg7+ Kxg7 37. a5 Qxg2# 0-1

[Event "Junior Online 4NCL Division 4"]
[Site "online"]
[Date "2021.04.01"]
[EventDate "2021.04.01"]
[Round "6.102"]
[White "Gold, Arthur"]
[WhiteElo "1176"]
[WhiteTeam "Barnet Knights E"]
[Black "Nayak, Siddharth"]
[BlackElo "1338"]
[BlackTeam "Maidenhead Juniors 2"]
[Result "1-0"]
[PlyCount "77"]

1. e4 d6 2. Nf3 Nc6 3. Bc4 Nf6 4. Nc3 g6 5. O-O Bg7 6. h3 b6 7. d4 Bb7 8. Ng5 Qd7 9. Bxf7+ Kd8 10. Be6 Qe8 11. Nf7+ Qxf7 12. Bxf7 Nd7 13. Be6 Nf8 14. Bd5 e6 15. Bxc6 Bxc6 16. d5 exd5 17. exd5 Bd7 18. Bg5+ Kc8 19. Re1 h6 20. Be7 g5 21. Bxf8 Rxf8 22. Qe2 Bd4 23. Rf1 Kb7 24. Qe7 Bf5 25. Nb5 Rac8 26. Nxd6+ Ka6 27. Nxf5 Rxf5 28. Qe2+ Kb7 29. Qe4 Bxf2+ 30. Rxf2 Rf4 31. Rxf4 gxf4 32. d6+ Kb8 33. dxc7+ Rxc7 34. Qxf4 Kb7 35. Qe4+ Kb8 36. Rd1 Kc8 37. Qe6+ Kb7 38. Qd5+ Kc8 39. Qa8# 1-0

[Event "Junior Online 4NCL Division 4"]
[Site "online"]
[Date "2021.04.01"]
[EventDate "2021.04.01"]
[Round "6.103"]
[White "Muthukaruppan, Manickam"]
[WhiteElo "1270"]
[WhiteTeam "Maidenhead Juniors 2"]
[Black "Vyas, Rayaan"]
[BlackElo "1217"]
[BlackTeam "Barnet Knights E"]
[Result "1-0"]
[PlyCount "67"]

1. e4 c5 2. Nf3 d6 3. Bc4 Nf6 4. Ng5 Be6 5. d3 Bxc4 6. dxc4 g6 7. O-O Bg7 8. Qe2 Nc6 9. Rd1 Nd4 10. Qf1 Nxc2 11. e5 Ng4 12. exd6 exd6 13. Qe2+ Ne5 14. Qxc2 O-O 15. Qb3 Re8 16. Nc3 Nd3 17. Qxb7 Rb8 18. Qxf7+ Kh8 19. Qd5 Nb4 20. Nf7+ Kg8 21. Nxd8+ Kf8 22. Qxd6+ Re7 23. Qxb8 Bd4 24. Bh6+ Ke8 25. Nc6+ Kd7 26. Nxd4 Nd3 27. Ndb5 Kc6 28. Qd6+ Kb7 29. Qxe7+ Ka6 30. Rxd3 Ka5 31. Qxa7+ Kb4 32. Qa3+ Kxc4 33. Qa4+ Kxd3 34. Rd1# 1-0

[Event "Junior Online 4NCL Division 4"]
[Site "online"]
[Date "2021.04.01"]
[EventDate "2021.04.01"]
[Round "6.104"]
[White "Vasudeva, Arya"]
[WhiteElo "1165"]
[WhiteTeam "Barnet Knights E"]
[Black "Markov, Aleksa"]
[BlackElo "1253"]
[BlackTeam "Maidenhead Juniors 2"]
[Result "0-1"]
[PlyCount "44"]

1. e4 e5 2. Nf3 Nc6 3. Bb5 a6 4. Bxc6 dxc6 5. Nxe5 Qd4 6. Qh5 Qxe4+ 7. Kf1 g6 8. Qg5 f6 9. Qg3 Qxe5 10. Qxe5+ fxe5 11. Nc3 Bb4 12. a3 Bxc3 13. dxc3 Bf5 14. Bg5 Ne7 15. Bf6 Rf8 16. Bg7 Rf7 17. Bxe5 O-O-O 18. Re1 Bxc2 19. Rc1 Rd2 20. Re1 Rfxf2+ 21. Kg1 Rxg2+ 22. Kf1 Rdf2# 0-1

[Event "Junior Online 4NCL Division 4"]
[Site "online"]
[Date "2021.04.01"]
[EventDate "2021.04.01"]
[Round "6.105"]
[White "Rowland, Benjamin"]
[WhiteElo "1227"]
[WhiteTeam "Barnet Knights E"]
[Black "Nallaperumal, Kasi Veshagan"]
[BlackElo "1390"]
[BlackTeam "Maidenhead Juniors 2"]
[Result "0-1"]
[PlyCount "42"]

1. d4 d5 2. Bf4 Nf6 3. Nc3 c5 4. Nb5 Na6 5. dxc5 Qa5+ 6. Nc3 Nxc5 7. Nf3 Bf5 8. Bd2 Qb6 9. Rb1 e6 10. e3 Bd6 11. Bb5+ Ncd7 12. O-O O-O 13. Nd4 Bg6 14. Na4 Qc7 15. Bd3 Ne4 16. Bc1 Bxh2+ 17. Kh1 Be5 18. c3 Qd8 19. g3 Bxg3 20. Bxe4 Qh4+ 21. Kg1 Qh2# 0-1

[Event "Junior Online 4NCL Division 4"]
[Site "online"]
[Date "2021.04.01"]
[EventDate "2021.04.01"]
[Round "6.106"]
[White "Nayak, Siddharth"]
[WhiteElo "1338"]
[WhiteTeam "Maidenhead Juniors 2"]
[Black "Gold, Arthur"]
[BlackElo "1176"]
[BlackTeam "Barnet Knights E"]
[Result "0-1"]
[PlyCount "56"]

1. d3 e5 2. Nf3 Nc6 3. g3 Bc5 4. Bg2 Nf6 5. Nc3 Ng4 6. e3 O-O 7. h3 Nf6 8. b3 d5 9. Bb2 d4 10. exd4 Nxd4 11. Nxe5 Re8 12. f4 Bd6 13. Ne4 Nc6 14. Nxf6+ Qxf6 15. Kf1 Nxe5 16. Kg1 Nf3+ 17. Qxf3 Qxb2 18. Rf1 Bc5+ 19. Kh2 Qxc2 20. Re1 Bf5 21. Rxe8+ Rxe8 22. Qxb7 Re2 23. Qa8+ Bf8 24. a4 Bxd3 25. h4 Be4 26. Qxa7 Rxg2+ 27. Kh3 Rxg3+ 28. Kxg3 Qg2# 0-1

[Event "Junior Online 4NCL Division 4"]
[Site "online"]
[Date "2021.04.01"]
[EventDate "2021.04.01"]
[Round "6.107"]
[White "Vyas, Rayaan"]
[WhiteElo "1217"]
[WhiteTeam "Barnet Knights E"]
[Black "Muthukaruppan, Manickam"]
[BlackElo "1270"]
[BlackTeam "Maidenhead Juniors 2"]
[Result "1-0"]
[PlyCount "47"]

1. e4 c5 2. Nf3 d6 3. Nc3 Nf6 4. Bc4 a6 5. O-O e6 6. a3 Be7 7. b4 cxb4 8. axb4 O-O 9. e5 dxe5 10. Nxe5 Qc7 11. Re1 Bd6 12. d4 Bxb4 13. Bd2 Nc6 14. Nb5 Qb6 15. Nxc6 bxc6 16. Bxb4 cxb5 17. Bd3 Qxd4 18. Bxf8 Kxf8 19. Qf3 Ra7 20. Ra2 Qc3 21. Qd1 e5 22. Bxb5 Ng4 23. Qd6+ Kg8 24. Qd8# 1-0

[Event "Junior Online 4NCL Division 4"]
[Site "online"]
[Date "2021.04.01"]
[EventDate "2021.04.01"]
[Round "6.111"]
[White "Cancedda-Dupuis, Livio"]
[WhiteElo "1289"]
[WhiteTeam "JHJ Shark Tank 5"]
[Black "Jowell, Leo"]
[BlackElo "1239"]
[BlackTeam "Edgware Gambits E"]
[Result "1-0"]
[PlyCount "67"]

1. d4 Nf6 2. c4 g6 3. Nc3 Bg7 4. Nf3 d6 5. Bf4 O-O 6. e4 Nbd7 7. e5 Ng4 8. exd6 exd6 9. h3 Re8+ 10. Be2 Ngf6 11. O-O b6 12. Qc2 Ba6 13. Rfe1 Nb8 14. d5 c5 15. Bd3 Rxe1+ 16. Rxe1 Bb7 17. Ng5 Na6 18. a3 Nc7 19. Nge4 Nxe4 20. Nxe4 Ne8 21. b4 cxb4 22. axb4 Rc8 23. Qb3 a6 24. b5 axb5 25. Qxb5 f5 26. Ng5 Rc5 27. Qb4 Bh6 28. Ne6 Qh4 29. Bxh6 Qxh6 30. Nxc5 dxc5 31. Qxb6 Qf8 32. Qxb7 Nd6 33. Qe7 Qxe7 34. Rxe7 1-0

[Event "Junior Online 4NCL Division 4"]
[Site "online"]
[Date "2021.04.01"]
[EventDate "2021.04.01"]
[Round "6.112"]
[White "Lyons, Joseph"]
[WhiteElo "1206"]
[WhiteTeam "Edgware Gambits E"]
[Black "Zhao, George"]
[BlackElo "1363"]
[BlackTeam "JHJ Shark Tank 5"]
[Result "0-1"]
[PlyCount "70"]

1. e4 e6 2. Nf3 d5 3. exd5 exd5 4. d4 Nf6 5. Bd3 Bd6 6. O-O O-O 7. c4 c6 8. Nc3 Bg4 9. h3 Bh5 10. cxd5 Nxd5 11. Bg5 Bxf3 12. Qxf3 Qxg5 13. Ne2 Nd7 14. Be4 N5f6 15. Bf5 g6 16. Bxd7 Nxd7 17. Rad1 Nb6 18. Nc3 Rae8 19. d5 cxd5 20. Nxd5 Nxd5 21. Rxd5 Qe7 22. Rdd1 Bc5 23. Qc3 b6 24. Rfe1 Qc7 25. Qd2 Rd8 26. Qe2 Rxd1 27. Rxd1 Rd8 28. Rc1 Qf4 29. Rf1 Rd2 30. Qe1 Rxb2 31. a4 Qf6 32. g3 h5 33. h4 Kh7 34. Kg2 Qc6+ 35. Kg1 Qf3 0-1

[Event "Junior Online 4NCL Division 4"]
[Site "online"]
[Date "2021.04.01"]
[EventDate "2021.04.01"]
[Round "6.113"]
[White "Chen, George"]
[WhiteElo "1325"]
[WhiteTeam "JHJ Shark Tank 5"]
[Black "Durling, Charlie"]
[BlackElo "1235"]
[BlackTeam "Edgware Gambits E"]
[Result "0-1"]
[PlyCount "86"]

1. e4 e6 2. d4 d5 3. exd5 exd5 4. Bd3 Nc6 5. c3 Nf6 6. Nf3 Bd6 7. O-O O-O 8. Bg5 Bg4 9. Nbd2 h6 10. Bh4 Bf4 11. Qc2 Bxd2 12. Nxd2 Qd6 13. Bf5 Qf4 14. Bxg4 Nxg4 15. Bg3 Qg5 16. Nf3 Qe7 17. Rfe1 Qd7 18. b4 f5 19. h3 f4 20. Bh4 Nf6 21. b5 Na5 22. Rab1 Nc4 23. Bxf6 Rxf6 24. Ne5 Qd6 25. Nxc4 dxc4 26. Qa4 Rg6 27. Qxc4+ Kh8 28. Qd3 Rf8 29. Qf3 c6 30. Re5 cxb5 31. Rexb5 b6 32. Re5 Qc6 33. d5 Qd6 34. Rbe1 Qc5 35. Re6 Rg3 36. Qe4 f3 37. Rxh6+ gxh6 38. Qe5+ Kh7 39. Qxg3 fxg2 40. Qh4 Qxc3 41. Re4 Qc1+ 42. Re1 Qxe1+ 43. Kh2 g1=Q# 0-1

[Event "Junior Online 4NCL Division 4"]
[Site "online"]
[Date "2021.04.01"]
[EventDate "2021.04.01"]
[Round "6.114"]
[White "Sharma, Krish"]
[WhiteElo "1167"]
[WhiteTeam "Edgware Gambits E"]
[Black "Stehlin, Nathan"]
[BlackElo "1337"]
[BlackTeam "JHJ Shark Tank 5"]
[Result "0-1"]
[PlyCount "130"]

1. d4 e6 2. Bf4 c5 3. e3 d5 4. c3 Nf6 5. Bd3 Nc6 6. Nf3 Bd6 7. Bg3 O-O 8. Nbd2 b6 9. Ne5 Bxe5 10. dxe5 Nd7 11. Qh5 g6 12. Qh6 Ncxe5 13. Bxe5 Nxe5 14. Bc2 Qf6 15. O-O Ba6 16. Rfe1 Rfd8 17. f4 Nc4 18. Nxc4 Bxc4 19. Qg5 Qxg5 20. fxg5 Rac8 21. Rad1 Kf8 22. e4 d4 23. cxd4 cxd4 24. b3 Ba6 25. Bd3 Bxd3 26. Rxd3 e5 27. Rf1 Rc2 28. Rf2 Rc1+ 29. Rf1 Rc2 30. Rf2 Rc5 31. Rf6 Rdc8 32. Rf1 Rc3 33. Rxc3 Rxc3 34. Kf2 Rc2+ 35. Kf3 Rxa2 36. Rd1 Rb2 37. Kg4 Rxg2+ 38. Kh3 Rc2 39. Ra1 a5 40. Kg4 Rxh2 41. Rc1 Rg2+ 42. Kh4 d3 43. Rc8+ Ke7 44. Rc7+ Kd8 45. Rc1 Re2 46. Rd1 Rxe4+ 47. Kg3 Rd4 48. Kf3 e4+ 49. Ke3 Rb4 50. Rd2 Kd7 51. Rd1 Kd6 52. Rd2 a4 53. bxa4 Rxa4 54. Rd1 Kc5 55. Rc1+ Rc4 56. Rd1 b5 57. Rb1 b4 58. Rb3 Kb5 59. Rxd3 exd3 60. Kxd3 b3 61. Kd2 b2 62. Kd1 b1=Q+ 63. Kd2 Qb3 64. Ke2 Rc2+ 65. Kf1 Qb1# 0-1

[Event "Junior Online 4NCL Division 4"]
[Site "online"]
[Date "2021.04.01"]
[EventDate "2021.04.01"]
[Round "6.115"]
[White "Jowell, Leo"]
[WhiteElo "1239"]
[WhiteTeam "Edgware Gambits E"]
[Black "Cancedda-Dupuis, Livio"]
[BlackElo "1289"]
[BlackTeam "JHJ Shark Tank 5"]
[Result "0-1"]
[PlyCount "74"]

1. d4 c6 2. c4 d5 3. Nc3 Nf6 4. Bf4 Bf5 5. Nf3 e6 6. e3 Bb4 7. cxd5 Nxd5 8. Qb3 Bxc3+ 9. bxc3 Qa5 10. Rc1 b5 11. Be2 Nd7 12. O-O O-O 13. Rfe1 Nxf4 14. exf4 a6 15. c4 Rab8 16. Qc3 Qxc3 17. Rxc3 Nf6 18. cxb5 cxb5 19. Ne5 Nd5 20. Rc6 Rfc8 21. Rxa6 Nc3 22. Nd7 Nxe2+ 23. Kf1 Rb7 24. Nc5 Rbc7 25. Rxe2 g6 26. Rb2 Rxc5 27. dxc5 Rxc5 28. g3 Bg4 29. Ra8+ Kg7 30. Kg2 Rc3 31. Rb3 Bf3+ 32. Kh3 Rxb3 33. Rb8 Rb2 34. a3 h5 35. a4 Rxf2 36. Kh4 Rxh2+ 37. Kg5 f6# 0-1

[Event "Junior Online 4NCL Division 4"]
[Site "online"]
[Date "2021.04.01"]
[EventDate "2021.04.01"]
[Round "6.116"]
[White "Zhao, George"]
[WhiteElo "1363"]
[WhiteTeam "JHJ Shark Tank 5"]
[Black "Lyons, Joseph"]
[BlackElo "1206"]
[BlackTeam "Edgware Gambits E"]
[Result "1-0"]
[PlyCount "57"]

1. b3 e5 2. Bb2 Nc6 3. e3 d5 4. a3 Bc5 5. Nf3 d4 6. b4 Bb6 7. Be2 Nf6 8. O-O O-O 9. h3 dxe3 10. dxe3 e4 11. Nfd2 Be6 12. c4 a6 13. c5 Ba7 14. Nc3 a5 15. b5 Ne7 16. Ndxe4 Nxe4 17. Nxe4 Bd5 18. Qd4 Nf5 19. Qe5 Bxe4 20. Qxe4 Qg5 21. Bd3 g6 22. Qe5 f6 23. Qe6+ Rf7 24. b6 cxb6 25. cxb6 Bb8 26. Bc4 Nd6 27. Bb3 Ra6 28. Bxf6 Qxf6 29. Qxf6 1-0

[Event "Junior Online 4NCL Division 4"]
[Site "online"]
[Date "2021.04.01"]
[EventDate "2021.04.01"]
[Round "6.117"]
[White "Durling, Charlie"]
[WhiteElo "1235"]
[WhiteTeam "Edgware Gambits E"]
[Black "Chen, George"]
[BlackElo "1325"]
[BlackTeam "JHJ Shark Tank 5"]
[Result "0-1"]
[PlyCount "86"]

1. d4 Nf6 2. c4 g6 3. Nc3 d5 4. cxd5 Nxd5 5. e4 Nxc3 6. bxc3 Bg7 7. Bc4 c5 8. Be3 Nc6 9. Nf3 cxd4 10. cxd4 Qa5+ 11. Qd2 Qxd2+ 12. Nxd2 Nxd4 13. Bxd4 Bxd4 14. Bb5+ Bd7 15. Bxd7+ Kxd7 16. Rd1 Ke6 17. Nf3 Bc3+ 18. Nd2 Rad8 19. h3 Rd4 20. f3 Rhd8 21. O-O Rxd2 22. Rxd2 Rxd2 23. Kh1 Rxa2 24. f4 b5 25. Rc1 b4 26. Kh2 Bd2 27. Rb1 Bxf4+ 28. Kh1 b3 29. h4 b2 30. g3 Ra1 31. Rxa1 bxa1=Q+ 32. Kg2 Qb2+ 33. Kf3 Qc3+ 34. Kxf4 Qe1 35. Kg5 h6+ 36. Kxh6 Qe3+ 37. Kg7 a5 38. g4 a4 39. h5 a3 40. hxg6 a2 41. gxf7 a1=Q+ 42. Kg8 Qg5+ 43. Kf8 Qh8# 0-1

[Event "Junior Online 4NCL Division 4"]
[Site "online"]
[Date "2021.04.01"]
[EventDate "2021.04.01"]
[Round "6.118"]
[White "Stehlin, Nathan"]
[WhiteElo "1337"]
[WhiteTeam "JHJ Shark Tank 5"]
[Black "Sharma, Krish"]
[BlackElo "1167"]
[BlackTeam "Edgware Gambits E"]
[Result "1-0"]
[PlyCount "51"]

1. c4 c6 2. d4 d5 3. Bf4 Bf5 4. e3 Nf6 5. Nc3 e6 6. Nf3 Bb4 7. a3 Ba5 8. Be2 Ne4 9. Rc1 Nd7 10. O-O Qb6 11. b4 Bxb4 12. axb4 Qxb4 13. Nxe4 dxe4 14. Nd2 Qe7 15. f3 exf3 16. Nxf3 Qf6 17. Bd3 O-O 18. Bxf5 Qxf5 19. Rb1 Rab8 20. Bxb8 Nxb8 21. Ne5 Qe4 22. Qf3 Qxf3 23. Rxf3 Na6 24. Rxb7 c5 25. Rbxf7 Rxf7 26. Rxf7 1-0

[Event "Junior Online 4NCL Division 4"]
[Site "online"]
[Date "2021.04.01"]
[EventDate "2021.04.01"]
[Round "6.122"]
[White "Corrall, Ruby"]
[WhiteElo "934"]
[WhiteTeam "Coldfall Knights"]
[Black "Seet, Joshua"]
[BlackElo "1383"]
[BlackTeam "Woking Warriors"]
[Result "1/2-1/2"]
[PlyCount "120"]

1. d4 c6 2. Bf4 d5 3. e3 Bf5 4. c3 e6 5. Nf3 Nf6 6. Nbd2 Bd6 7. Bg3 Ne4 8. Nxe4 Bxe4 9. Bd3 Bxg3 10. hxg3 Bxf3 11. Qxf3 h6 12. O-O-O Qa5 13. a3 Nd7 14. Qg4 g5 15. Qh5 O-O-O 16. Qxf7 Rdf8 17. Qxe6 Rxf2 18. Bf5 Rd8 19. Rxh6 Qb6 20. Rd2 Rxd2 21. Kxd2 Qxb2+ 22. Kd3 Qc1 23. Bg4 Qf1+ 24. Be2 Qxg2 25. Rg6 Qxg3 26. Rg8 Rxg8 27. Qxg8+ Kc7 28. Bh5 Qe1 29. Qxg5 Qb1+ 30. Ke2 Qc2+ 31. Kf3 Qxc3 32. Qf4+ Kb6 33. Be8 c5 34. Bxd7 Qxa3 35. Qd6+ Ka5 36. Qxc5+ Qxc5 37. dxc5 Kb4 38. e4 dxe4+ 39. Kxe4 Kxc5 40. Bc8 b5 41. Bf5 a5 42. Kd3 Kb4 43. Kc2 a4 44. Kb2 Ka5 45. Ka3 b4+ 46. Ka2 Kb5 47. Kb2 Kc4 48. Ka2 Kc3 49. Kb1 b3 50. Bd7 a3 51. Bf5 Kd2 52. Ka1 Kc1 53. Be4 a2 54. Bf5 Kd2 55. Be4 Kc3 56. Bf5 Kb4 57. Be6 Kc3 58. Bf5 Kb4 59. Be6 Ka3 60. Bxb3 Kxb3 1/2-1/2

[Event "Junior Online 4NCL Division 4"]
[Site "online"]
[Date "2021.04.01"]
[EventDate "2021.04.01"]
[Round "6.123"]
[White "Phillips, Freddie"]
[WhiteElo "1315"]
[WhiteTeam "Woking Warriors"]
[Black "Haga, Matteo"]
[BlackElo "850"]
[BlackTeam "Coldfall Knights"]
[Result "0-1"]
[PlyCount "122"]

1. e4 e5 2. Nf3 Nf6 3. Nxe5 Qe7 4. d4 d6 5. Nc4 Nxe4 6. Qe2 Nf6 7. Bg5 Qxe2+ 8. Bxe2 Be7 9. O-O O-O 10. Nc3 Be6 11. d5 Bf5 12. Ne3 Bg6 13. a4 c6 14. dxc6 Nxc6 15. Bb5 Nd4 16. Bd3 Bxd3 17. cxd3 h6 18. Bh4 a5 19. Bxf6 Bxf6 20. Ned5 Be5 21. Nc7 Rac8 22. N7d5 Rc5 23. Ne7+ Kh7 24. Ned5 g5 25. b4 axb4 26. Nxb4 Rxc3 27. a5 Rb3 28. Nd5 Ne2+ 29. Kh1 Bxa1 30. Rxa1 Rxd3 31. Nb4 Rc3 32. Nd5 Rc5 33. Nf6+ Kg6 34. Ng4 d5 35. Ne5+ Kf5 36. Nd7 Rfc8 37. Nxc5 Rxc5 38. g3 Rc6 39. Re1 Nc3 40. Re7 b5 41. axb6 Rxb6 42. Rxf7+ Kg6 43. Rf3 d4 44. Rd3 Rb4 45. Kg2 Ne4 46. Kf3 Nc5 47. Kg4 Nxd3 48. f3 Ne5+ 49. Kh3 d3 50. Kg2 d2 51. Kf1 d1=Q+ 52. Kf2 Rb2+ 53. Ke3 Qe2+ 54. Kd4 Nxf3+ 55. Kd5 Rb5+ 56. Kd6 Qe5+ 57. Kc6 Qc5+ 58. Kd7 Rb6 59. Kd8 Rb7 60. Ke8 Qa5 61. Kf8 Qa8# 0-1

[Event "Junior Online 4NCL Division 4"]
[Site "online"]
[Date "2021.04.01"]
[EventDate "2021.04.01"]
[Round "6.124"]
[White "Silver, Adam"]
[WhiteElo "750"]
[WhiteTeam "Coldfall Knights"]
[Black "Wicks, Alexander"]
[BlackElo "1105"]
[BlackTeam "Woking Warriors"]
[Result "1-0"]
[PlyCount "23"]

1. e4 d5 2. exd5 Nf6 3. Nc3 Nxd5 4. Nxd5 Qxd5 5. d4 Nc6 6. Nf3 Bg4 7. Be2 O-O-O 8. h3 Bxf3 9. Bxf3 Qe6+ 10. Be3 Nxd4 11. Bg4 Nf3+ 12. Qxf3 1-0

[Event "Junior Online 4NCL Division 4"]
[Site "online"]
[Date "2021.04.01"]
[EventDate "2021.04.01"]
[Round "6.126"]
[White "Seet, Joshua"]
[WhiteElo "1383"]
[WhiteTeam "Woking Warriors"]
[Black "Corrall, Ruby"]
[BlackElo "934"]
[BlackTeam "Coldfall Knights"]
[Result "1-0"]
[PlyCount "117"]

1. d4 d5 2. c4 dxc4 3. e4 Nf6 4. Nc3 Be6 5. d5 Bd7 6. Bxc4 g6 7. Nf3 Bg7 8. e5 Ng4 9. Bf4 O-O 10. Qd2 c6 11. h3 Nxe5 12. Nxe5 cxd5 13. Nxd7 Qxd7 14. Bxd5 e6 15. Bb3 Rd8 16. Qxd7 Rxd7 17. O-O Bxc3 18. bxc3 Nc6 19. Rfd1 Rad8 20. Rxd7 Rxd7 21. Rd1 Rxd1+ 22. Bxd1 Kf8 23. Bf3 Na5 24. Bc7 b6 25. Kf1 Ke7 26. Ke2 Kd7 27. Bg3 Kc8 28. Kd3 Nb7 29. Bxb7+ Kxb7 30. Ke4 Ka6 31. Bd6 Ka5 32. a3 Ka4 33. Ke5 Kb3 34. Bb4 a5 35. Bd6 Kxc3 36. Bc7 b5 37. Bxa5+ Kb3 38. Bb4 Ka4 39. Kf6 Kb3 40. Kxf7 Ka4 41. Kxe6 h5 42. Kf6 h4 43. Kxg6 Kb3 44. Kh5 Ka4 45. Kxh4 Kb3 46. f4 Kc4 47. f5 Kd5 48. Kg5 Ke5 49. h4 Kd5 50. h5 Kc4 51. h6 Kd3 52. h7 Ke2 53. h8=Q Kf2 54. f6 Kxg2 55. f7 Kf3 56. f8=Q+ Kg2 57. Qb2+ Kg3 58. Qf4+ Kh3 59. Qh4# 1-0

[Event "Junior Online 4NCL Division 4"]
[Site "online"]
[Date "2021.04.01"]
[EventDate "2021.04.01"]
[Round "6.127"]
[White "Haga, Matteo"]
[WhiteElo "850"]
[WhiteTeam "Coldfall Knights"]
[Black "Phillips, Freddie"]
[BlackElo "1315"]
[BlackTeam "Woking Warriors"]
[Result "0-1"]
[PlyCount "54"]

1. f4 d5 2. Nf3 Bg4 3. e3 Nf6 4. g3 Ne4 5. Bg2 e5 6. O-O exf4 7. exf4 Bc5+ 8. d4 Bb6 9. Be3 Nc6 10. Qd3 Nd6 11. Ne5 Nxe5 12. fxe5 Nc4 13. Nc3 Nxb2 14. Qd2 Nc4 15. Qf2 O-O 16. Qf4 Qd7 17. Rfe1 Bf5 18. Bxd5 Nxe3 19. Rxe3 Bxc2 20. Bxb7 Rab8 21. Bg2 Bxd4 22. Nd1 Bxa1 23. Nf2 Rb1+ 24. Bf1 Qb5 25. Kg2 Qxf1+ 26. Kf3 Bd1+ 27. Ke4 Rb4+ 0-1

[Event "Junior Online 4NCL Division 4"]
[Site "online"]
[Date "2021.04.01"]
[EventDate "2021.04.01"]
[Round "6.128"]
[White "Wicks, Alexander"]
[WhiteElo "1105"]
[WhiteTeam "Woking Warriors"]
[Black "Silver, Adam"]
[BlackElo "750"]
[BlackTeam "Coldfall Knights"]
[Result "1-0"]
[PlyCount "129"]

1. e4 e5 2. Nf3 Nc6 3. Bb5 a6 4. Bxc6 dxc6 5. O-O Bg4 6. h3 Bh5 7. d3 Bd6 8. Be3 Nf6 9. Nbd2 O-O 10. c4 Bb4 11. a3 Be7 12. Qb3 Qd6 13. d4 exd4 14. Nxd4 Be2 15. Nxe2 Qe5 16. Bd4 Qd6 17. Bxf6 Bxf6 18. Rab1 Qxd2 19. Rfe1 Qf4 20. Nxf4 Be5 21. Nd3 Bd6 22. c5 Be7 23. Qxb7 Rfc8 24. Qxc6 Bh4 25. e5 Rd8 26. Rbd1 g6 27. e6 fxe6 28. Qxe6+ Kg7 29. Qe4 Rf8 30. Qd4+ Bf6 31. Re7+ Rf7 32. Rxf7+ Kxf7 33. Ne5+ Bxe5 34. Qxe5 Re8 35. Qxe8+ Kxe8 36. Rd5 Ke7 37. c6 Ke8 38. Rd7 a5 39. Rxc7 Kd8 40. Rxh7 Kc8 41. Rg7 g5 42. Rxg5 Kc7 43. Rxa5 Kxc6 44. b4 Kb6 45. g4 Kc6 46. Rf5 Kb6 47. h4 Kc7 48. h5 Kd8 49. h6 Ke8 50. h7 Ke7 51. h8=Q Ke6 52. Qh6+ Ke7 53. Qg7+ Ke6 54. Qe5+ Kd7 55. Rf7+ Kc6 56. Rf6+ Kd7 57. Qe7+ Kxe7 58. Rh6 Kf7 59. g5 Kg7 60. b5 Kf7 61. b6 Ke7 62. b7 Kd8 63. b8=Q+ Kd7 64. Qa7+ Kc8 65. Rh8# 1-0

[Event "Junior Online 4NCL Division 4"]
[Site "online"]
[Date "2021.04.01"]
[EventDate "2021.04.01"]
[Round "6.131"]
[White "Litvin, Theo"]
[WhiteElo "1099"]
[WhiteTeam "The Hall 3"]
[Black "Johnston, Alexander"]
[BlackElo "1464"]
[BlackTeam "Forest Hall Juniors"]
[Result "0-1"]
[PlyCount "98"]

1. e4 c6 2. d4 d5 3. exd5 cxd5 4. Nc3 Nf6 5. Bf4 a6 6. Nf3 Bg4 7. h3 Bh5 8. Bd3 Nc6 9. Be2 Qb6 10. Ne5 Qxd4 11. Nxc6 Qxd1+ 12. Rxd1 Bxe2 13. Nxe2 bxc6 14. O-O e6 15. Rfe1 Bc5 16. Nc3 O-O 17. Rd3 a5 18. Na4 Ba7 19. Rc3 Ne4 20. Rf3 c5 21. Re2 c4 22. Nc3 Nxc3 23. Rxc3 Bb8 24. Be3 Be5 25. Bc5 Bxc3 26. Bxf8 Bxb2 27. Bc5 Bf6 28. Re1 h6 29. Kf1 Rb8 30. Rb1 Rxb1+ 31. Ke2 Rb2 32. Kd2 Rxa2 33. f3 a4 34. Kc1 a3 35. Bxa3 Rxa3 36. Kd2 Kf8 37. Ke2 Ke7 38. Kd2 Kd6 39. Ke2 Kc5 40. Kd2 Kd4 41. Ke2 Kc3 42. Kd1 Ra1+ 43. Ke2 Kxc2 44. Kf2 Kd2 45. Kg3 c3 46. f4 c2 47. h4 c1=Q 48. h5 Ra3+ 49. Kg4 Qd1# 0-1